000 00300nam a2200121Ia 4500
005 20251222141801.0
008 251222s9999||||xx |||||||||||||| ||spa||
082 _a362.828.3/P43
100 _aPereira Ventura Soares, Maria Luisa
245 0 _aAbordaje Social
264 _bSaulus Pulista
942 _cLIB
999 _c6160
_d6160